000 00404nab a2200133Ia 4500
003 ES-SlBCS
005 20210601125250.0
008 140529s1986 xxu||||| |||| 00| 0 eng d
041 _aeng
100 1 _aPotter, Richard C.
_9156128
245 0 4 _aThe Theory of Self-Appearing
_c Richard C. Potter
773 0 _tPhilosophy and Phenomenological Research
_gvol. 47, 1986, págs. 615-630
_wRev1411
942 _cAR
999 _c527497
_d527497